000 00899nam a22001817a 4500
999 _c62795
_d62795
003 Ge_BSU
005 20250217131940.0
008 250217s1948 ge ||||| |||| 00| 0 geo d
041 _ageo
080 _a612.73/74 ბ-52
100 _aბერიტაშვილი, ი.
_924381
245 _aკუნთოვანისა და ნერვული სისტემის ზოგადი ფიზიოლოგია /
_cი. ბერიტაშვილი.
264 _aთბ. :
_bსტალინის სახ. სახელმწ. უნ-ტის გამ-ბა და სტ.,
_c1948.
300 _a368 გვ. :
_b ილ. ;
_c25 სმ.
653 _aკუნთოვანი სისტემის ფიზიოლოგია
653 _aნერვული სისტემის ფიზიოლოგია
942 _2udc
_cᲬᲘᲒᲜᲘ